| 000 | 00546nam a2200181 a 4500 | ||
|---|---|---|---|
| 001 | 000027784 | ||
| 003 | DO-SdBNP | ||
| 005 | 20240715100533.0 | ||
| 007 | ta | ||
| 008 | 110404s1990 dr ad r 000 0 spa d | ||
| 040 |
_aDO-SdBNP _bspa _cBNPHU |
||
| 082 |
_bS718a _222 |
||
| 100 | 1 |
_aSoto Montero, Guillermo _944438 |
|
| 245 | 1 | 0 |
_aAtlas pastoral : _barquidiocesis de Santo Domingo. |
| 260 |
_aSanto Domingo : _bIsntituto Técnico Salesiano (ITESA), _c1990. _fEditora Amigo del Hogar |
||
| 300 |
_a154 p. : _bil., map. ; _c22 cm. |
||
| 942 |
_2ddc _cLBS1 |
||
| 999 |
_c27276 _d27276 |
||